New dimensions in collective bargaining (Record no. 363594)

000 -LEADER
fixed length control field 00474cam a22001457a 4500
008 - FIXED-LENGTH DATA ELEMENTS--GENERAL INFORMATION
fixed length control field 180718b1959 xxu||||| |||| 00| 0 eng d
082 ## - DEWEY DECIMAL CLASSIFICATION NUMBER
Classification number R83 D279
245 ## - TITLE STATEMENT
Title New dimensions in collective bargaining
Statement of responsibility, etc. edited by Harold W. Davey, Howard S. Kaltenborn and Stanley H. Rutterberg
260 ## - PUBLICATION, DISTRIBUTION, ETC.
Place of publication, distribution, etc. New York
Name of publisher, distributor, etc. Harper
Date of publication, distribution, etc. 1959
300 ## - PHYSICAL DESCRIPTION
Extent 203p.
650 ## - SUBJECT ADDED ENTRY--TOPICAL TERM
Topical term or geographic name entry element Collective bargaining
700 ## - ADDED ENTRY--PERSONAL NAME
Personal name Rutterberg, Stanley H.
700 ## - ADDED ENTRY--PERSONAL NAME
Personal name Kaltenborn, Howard S.
700 ## - ADDED ENTRY--PERSONAL NAME
Personal name Davey, Harold W.
Holdings
Withdrawn status Lost status Damaged status Not for loan Permanent Location Current Location Date acquired Full call number Barcode Date last seen Price effective from Koha item type
        Indian Institute of Public Administration Indian Institute of Public Administration 1994-04-04 R83 D279 16591 2018-07-21 2018-07-21 Book

Powered by Koha